000 00676nam a22002415i 4500
001 10608
003 ES-MaACL
005 20231021062526.0
007 t|
008 941116s1994 sp ||||0| spa j
020 _a84-7223-437-1
040 _aM-BN
_bspa
_cM-BN
080 _a860(85)-31"19"
100 1 _aRibeyro, Julio Ramón.
_996819
245 1 0 _aCambio de guardia /
_cJulio Ramón Ribeyro.
250 _a1ª ed.
260 _aBarcelona :
_bTusquets,
_c1994.
300 _a307 p ;
_c21 cm.
490 1 _aColección Andanzas ;
_v215
830 0 0 _aColección Andanzas
_v215
_9234359
852 _aES-MaACL
_jL-17972
_bR.123072
999 _c10608
_d10608